Państwa z równością małżeńską - Statystyki

Ogólne statystyki
  • Ten quiz został rozwiązany 37 razy
    23 od ostatniego zresetowania
  • Średni wynik to 27 z 38
Statystyki odpowiedzi
Rok wprowadzenia Państwo % Poprawnych
2009 Norwegia
100%
2009 Szwecja
100%
2012 Dania
94%
2010 Islandia
94%
2005 Kanada
94%
2004-2015 Stany Zjednoczone
94%
2019 Austria
89%
2003 Belgia
89%
2017 Finlandia
89%
2001 Holandia
89%
2015 Luksemburg
89%
2017 Niemcy
89%
2010 Portugalia
89%
2022 Szwajcaria
89%
2013 Francja
83%
2005 Hiszpania
83%
2014-2020 Wielka Brytania
83%
2010 Argentyna
78%
2017 Australia
78%
2013 Brazylia
78%
2024 Grecja
78%
2015 Irlandia
78%
2024 Liechtenstein
78%
2010-2022 Meksyk
78%
2013 Nowa Zelandia
78%
2023 Andora
61%
2016 Kolumbia
61%
2022 Chile
56%
2017 Malta
56%
2023 Estonia
50%
2006 Republika Południowej Afryki
50%
2022 Słowenia
50%
2019 Ekwador
44%
2013 Urugwaj
44%
2022 Kuba
33%
2020 Kostaryka
17%
2023 Nepal
6%
2019 Tajwan
6%
Nie znaleziono quizów pasujących do podanych kryteriów
Rozkład punktacji
Procent ludzi z każdym wynikiem
Percentyl według liczby udzielonych odpowiedzi
Twoja historia wyników
Nie rozwiązałeś tego quizu od ostatniego zresetowania